000 00444nmm a2200145Ia 4500
008 251105s9999||||xx |||||||||||||||||und||
041 _aspa
100 _aReygadas, Fermín de
245 0 _aAstucias por heredar un sobrino a un tío
264 _a[Washington, Estados Unidos] :
_bArte Público Press,
_c2018
300 _a231 páginas
650 _aSpanish theater
856 _uhttps://public.digitaliapublishing.com/a/56063
942 _cCF
999 _c106584
_d106584